Loading...
| Fine Arts - Classical Music | 3 | 13.33 | 0% | 600% | 533% |
| Fine Arts - Other | 2 | 10.00 | 4,050% | 350% | 0% |
| Fine Arts - Painting & Sculpture | 3 | 10.00 | 1,767% | 0% | 300% |
| History - American | 2 | 10.00 | 0% | 100% | 450% |
| History - European | 4 | 2.50 | 0% | 0% | 200% |
| History - Other | 2 | 10.00 | 200% | 0% | 450% |
| History - World | 1 | 10.00 | 8,100% | 0% | 0% |
| Literature - American | 2 | 10.00 | 2,450% | 0% | 350% |
| Literature - British | 3 | 10.00 | 1,633% | 300% | 233% |
| Literature - World | 5 | 8.00 | 3,240% | 0% | 300% |
| Mythology | 4 | 10.00 | 1,600% | 175% | 400% |
| Other | 4 | 5.00 | 1,225% | 225% | 0% |
| Philosophy | 1 | 20.00 | 400% | 0% | 200% |
| Religion | 1 | 0.00 | 0% | 0% | 0% |
| Science - Biology | 6 | 10.00 | 2,950% | 100% | 283% |
| Science - Chemistry | 1 | 0.00 | 0% | 0% | 0% |
| Science - Other | 3 | 0.00 | 0% | 0% | 0% |
| Science - Physics | 4 | 15.00 | 2,825% | 425% | 425% |
| Social Science | 3 | 10.00 | 3,900% | 300% | 0% |